00909nam a2200205 a 450000100060000000300090000600800410001502000150005604000280007108200180009910000300011724500580014726000390020530000100024450502480025465000340050265000390053665000640057565000640063922934CO-ViMGA141112s2004 ck r 000 u spa d a9588235529 aCO-ViMGAbspacCO-ViMGA04a382.0986 T3521 aVelandia Castro, Mauricio10aEl tlc y el derecho de la distribuciòn comercial aColombia : bUniversidad Externado a374p. aCanales de distribucion comercial y competencia, Constitucion, tratado , El contrato de franquicia comercial, Propiedad intelectual en el tlc colombia - eeuu, Generalidades del tratado de libre comercio E.U, La agencia mercantil y su evolucion14aCOLOMBIA - COMERCIO EXTERIOR 14aFRANQUICIAS ( COMERCIO MINORISTA) 14aTRATADO DE LIBRE COMERCIO - ASPECTOS JURIDICOS - COLOMBIA 14aTRATADO DE LIBRE COMERCIO - ASPECTOS ECONOMICOS - COLOMBIA